| 000 | 00712nam a22002177a 4500 | ||
|---|---|---|---|
| 005 | 20170828162730.0 | ||
| 010 | _aB-59406 | ||
| 020 |
_c00.00 _a8174871721 |
||
| 035 | _aB-059406 | ||
| 037 | _bCen Lib/Ret | ||
| 082 |
_a323.0954 _bRAY |
||
| 100 | _aRay Mohapatra, Arun | ||
| 245 |
_aPublic interest litigation and human rights in India / _cby Arun Ray Mohapatra |
||
| 260 |
_aNew Delhi _bRadha Publications _c2001 |
||
| 270 |
_a4378/4-B, Ansari Road, Darya Ganj _bNew Delhi _e110002 |
||
| 300 |
_axiii, 216p. : _c21cm(Hb) |
||
| 500 | _aIncludes bibliographical references and index | ||
| 650 | _aIndian constitution | ||
| 650 | _aHuman rights-India | ||
| 942 |
_2ddc _cEN _h323.0954 _mRAY |
||
| 999 |
_c123284 _d123284 |
||